000 00459nam a2200169Ia 4500
008 230711s9999||||xx |||||||||||||| ||und||
020 _a978-81-224-3600-6
041 _aENG
082 _a621.3
_bVI-F
100 _aVijay Singh
245 0 _aFundamentals of Electrical amd Electronics Measurements
250 _a1st Ed.
260 _c2014
_aNew Delhi
_bNew Age International Publishers
300 _a341p.
650 _aElectronics Engineering
942 _cBK
999 _c6611
_d6611